000 00821nam a22002777a 4500
003 CHAP
005 20220329134348.0
008 971013s1968 r 00010 d
010 _a19360
011 _a20332
035 _a24420
040 _cCHAP
082 _a632.058
_bA54 1968
110 _aThe American Phytophatological Society. St. Paul, Minn.
_9112621
245 _aDirectory of members
260 _aSt. Paul, Minn.,
_c1968
300 _a105 p
590 _aBATCH-UPD
_b10
_c20130110
_lUCH01
_h0021
590 _aBATCH-UPD
_b10
_c20130409
_lUCH01
_h2001
590 _aBATCH-UPD
_b10
_c20130914
_lUCH01
_h1415
590 _aCONVERSION
_b10
_c20130109
_lUCH01
_h1312
650 1 4 _aFitopatólogos.
_941179
901 _aBK
942 _cLIBRO
949 _a632.058 A54 1968
_bBC
_cBPA
_d-56266
_eBPA
_h12140
_i24420
_mD
_si
999 _c19360
_d19360